000
00303nam a22001337a 4500
008
181105b xxu||||| |||| 00| 0 eng d
020
_a
0865541418
041
_a
eng
080
_a
101
100
_a
24
101
_a
FIL
245
_a
Essays in Metaphysics and Theology
_c
Oliver,H.,H
942
_2
udc
_c
BK
999
_c
51816
_d
51816